00621nam a2200169Ia 4500008004000000020001800040082001500058100002100073245005600094260003800150300000800188650004200196690002200238906001100260999001900271952016100290210210b1968 xxu||||| |||| 00| 0 eng d a0 333 02036 7 a820.9 DYSY aDYSON (A E), Ed. aYeats last poems: a casebook ed by Jon Stallworthy. aLondonbMacmillan Press Ltdc1968 a280 aYeats Poems critical Essays Case Book aEnglish Criticism a056051 c103694d103694 001040708EnglishaALbALcEnglish Literatured2021-02-17eSita Book House, Mangalore.g310.00l0o820.9 DYSYp056051r2021-02-17 00:00:00w2021-02-17yBK